[Event "Remote S7E Adv-142 email"]
[Site "Remote email"]
[Date "2014.06.07"]
[Round "?"]
[White "Ganz, Harry"]
[Black "Schatz, Hans Dieter"]
[Result "1/2-1/2"]
[WhiteElo "2299"]
[BlackElo "2302"]
[PlyCount "64"]
[EventDate "2014.??.??"]
[EventType "tourn (corr)"]
[EventRounds "6"]
[EventCountry "GER"]
[SourceTitle "Corr 2015"]
[Source "ChessBase"]
[SourceDate "2015.07.17"]
[SourceVersion "1"]
[SourceVersionDate "2015.07.17"]
[SourceQuality "1"]

1. d4 e6 2. c4 f5 3. g3 Nf6 4. Bg2 c6 5. Nf3 d5 6. Bf4 Bd6 7. e3 0-0 8. Nbd2 Ne4 9. Rc1 a5 10. 0-0 a4 11. Bxd6 Qxd6 12. cxd5 exd5 13. Ne5 a3 14. Nxe4 fxe4 15. Qb3 axb2 16. Rc2 Nd7 17. Nxd7 Bxd7 18. a4 Rf7 19. Rxb2 Bg4 20. Ra1 Ra5 21. Qc3 Qd8 22. Bf1 Qa8 23. Rb4 b5 24. Rab1 Rxa4 25. Rxa4 bxa4 26. Rb6 Qf8 27. Qc2 a3 28. Ra6 g6 29. Qa2 Kg7 30. h3 Bd7 31. Ra7 h5 32. Qxa3 Qxa3 1/2-1/2

[Event "Remote S7E Pioneer-63 email"]
[Site "Remote email"]
[Date "2014.06.04"]
[Round "?"]
[White "Ganz, Harry"]
[Black "Hahner, Anton"]
[Result "1/2-1/2"]
[WhiteElo "2299"]
[BlackElo "2074"]
[PlyCount "103"]
[EventDate "2014.??.??"]
[EventType "tourn (corr)"]
[EventRounds "6"]
[EventCountry "GER"]
[SourceTitle "Corr 2015"]
[Source "ChessBase"]
[SourceDate "2015.07.17"]
[SourceVersion "1"]
[SourceVersionDate "2015.07.17"]
[SourceQuality "1"]

1. e4 e6 2. d4 d5 3. Nc3 Nf6 4. e5 Nfd7 5. Nce2 c5 6. c3 Nc6 7. f4 Be7 8. Nf3 0-0 9. Be3 Qb6 10. Qd2 a5 11. a4 f6 12. g3 cxd4 13. Nexd4 Bc5 14. exf6 Nxf6 15. Bd3 Bd7 16. 0-0 Ng4 17. Bb5 Nxd4 18. cxd4 Bb4 19. Qe2 Bxb5 20. axb5 Rfe8 21. Bf2 Nf6 22. Be1 Bxe1 23. Rfxe1 Ne4 24. Ra3 Rec8 25. Qd3 h6 26. Kg2 Qc7 27. Re2 Qc4 28. Ne5 Qxd3 29. Rxd3 a4 30. Kh3 Rc1 31. b6 Ra6 32. Ra3 Rd1 33. Rc2 Rxd4 34. Rc8+ Kh7 35. Nd7 h5 36. g4 Nd6 37. Nf8+ Kg8 38. Rd8 Kf7 39. gxh5 Ke7 40. Rb8 Rxb6 41. Ng6+ Kd7 42. Ne5+ Kc7 43. Rg8 Nf5 44. Rxg7+ Nxg7 45. h6 Nh5 46. h7 Nxf4+ 47. Kg3 Ne2+ 48. Kh3 Ng1+ 49. Kg3 Ne2+ 50. Kh3 Ng1+ 51. Kg3 Ne2+ 52. Kh3 1/2-1/2

[Event "Remote S7E Pioneer-63 email"]
[Site "Remote email"]
[Date "2014.06.04"]
[Round "?"]
[White "Ganz, Harry"]
[Black "Vehlow, Burkhard"]
[Result "1/2-1/2"]
[WhiteElo "2299"]
[BlackElo "2205"]
[PlyCount "44"]
[EventDate "2014.??.??"]
[EventType "tourn (corr)"]
[EventRounds "6"]
[EventCountry "GER"]
[SourceTitle "Corr 2015"]
[Source "ChessBase"]
[SourceDate "2015.07.17"]
[SourceVersion "1"]
[SourceVersionDate "2015.07.17"]
[SourceQuality "1"]

1. e4 e6 2. d4 d5 3. Nc3 Nf6 4. Bg5 Bb4 5. e5 h6 6. Bd2 Bxc3 7. bxc3 Ne4 8. Qg4 Kf8 9. Bc1 c5 10. Bd3 Nxc3 11. dxc5 Qa5 12. Bd2 Qa4 13. h3 Ne4 14. Ne2 Nd7 15. Bxe4 Nxe5 16. Nc3 Qxe4+ 17. Qxe4 dxe4 18. Nxe4 Bd7 19. Nd6 Bc6 20. 0-0 Nd7 21. Bb4 Rb8 22. a4 Ke7 1/2-1/2

[Event "Remote S7E Pro-178 email"]
[Site "Remote email"]
[Date "2014.03.18"]
[Round "?"]
[White "Ganz, Harry"]
[Black "Tauscher, Karl"]
[Result "1/2-1/2"]
[WhiteElo "2299"]
[BlackElo "2422"]
[PlyCount "48"]
[EventDate "2014.??.??"]
[EventType "tourn (corr)"]
[EventRounds "6"]
[EventCountry "GER"]
[SourceTitle "Corr 2015"]
[Source "ChessBase"]
[SourceDate "2015.07.17"]
[SourceVersion "1"]
[SourceVersionDate "2015.07.17"]
[SourceQuality "1"]

1. Nf3 Nf6 2. d3 c5 3. g3 d5 4. Bg2 Nc6 5. 0-0 Bg4 6. h3 Bh5 7. g4 Bg6 8. c4 e6 9. Qb3 Rb8 10. cxd5 Nxd5 11. Nc3 Be7 12. Nxd5 exd5 13. Bf4 Bd6 14. Bxd6 Qxd6 15. Qa3 d4 16. Rac1 b6 17. Nd2 0-0 18. Nc4 Qc7 19. Bxc6 Qxc6 20. Qxa7 Qe6 21. f4 Qxe2 22. f5 b5 23. Nd6 Qe3+ 24. Kg2 Qd2+ 1/2-1/2

[Event "Remote S7E Pro email"]
[Site "Remote email"]
[Date "2014.02.28"]
[Round "?"]
[White "Traut, Gerhard"]
[Black "Ganz, Harry"]
[Result "1/2-1/2"]
[WhiteElo "2351"]
[BlackElo "2275"]
[PlyCount "57"]
[EventDate "2014.??.??"]
[EventType "tourn (corr)"]
[EventRounds "6"]
[EventCountry "GER"]
[SourceTitle "Corr 2015"]
[Source "ChessBase"]
[SourceDate "2015.07.17"]
[SourceVersion "1"]
[SourceVersionDate "2015.07.17"]
[SourceQuality "1"]

1. e4 c6 2. d4 d5 3. e5 c5 4. dxc5 Nc6 5. Bb5 e6 6. Be3 Nge7 7. c3 Bd7 8. Bxc6 Bxc6 9. Nf3 Nf5 10. Bd4 a5 11. 0-0 Nxd4 12. cxd4 b6 13. cxb6 Qxb6 14. Qd2 Be7 15. Nc3 a4 16. Rfc1 0-0 17. Rc2 Rfc8 18. Rac1 Rc7 19. a3 Rac8 20. Ne2 Be8 21. Rxc7 Rxc7 22. Rxc7 Qxc7 23. Qc3 Bd8 24. Qxc7 Bxc7 25. Ne1 Bb6 26. Nd3 Bb5 27. Ndc1 g5 28. f4 gxf4 29. Kf2 1/2-1/2

[Event "Remote S7E Starter-52 email"]
[Site "Remote email"]
[Date "2014.01.05"]
[Round "?"]
[White "Ganz, Harry"]
[Black "Biskopp, Wolf Ulrich"]
[Result "0-1"]
[WhiteElo "2275"]
[BlackElo "2532"]
[PlyCount "74"]
[EventDate "2014.??.??"]
[EventType "tourn (corr)"]
[EventRounds "6"]
[EventCountry "GER"]
[SourceTitle "Corr 2015"]
[Source "ChessBase"]
[SourceDate "2015.07.17"]
[SourceVersion "1"]
[SourceVersionDate "2015.07.17"]
[SourceQuality "1"]

1. b4 e5 2. Bb2 Bxb4 3. Bxe5 Nf6 4. c4 0-0 5. e3 d5 6. Nf3 Bf5 7. a3 Bd6 8. d4 dxc4 9. Bxc4 Bxe5 10. Nxe5 Nbd7 11. Nxd7 Qxd7 12. 0-0 c5 13. dxc5 Rac8 14. Qxd7 Nxd7 15. Nd2 Rfd8 16. Nf3 Nxc5 17. Rac1 Kf8 18. Nd4 Bd7 19. f3 g6 20. Rfd1 Ba4 21. Re1 a6 22. Rc3 Ne6 23. Ne2 b5 24. Bxe6 fxe6 25. Rec1 Rxc3 26. Rxc3 Rd1+ 27. Kf2 Rd2 28. Ke1 Ra2 29. h4 Ke7 30. Rc7+ Kd6 31. Rxh7 Rxa3 32. Ra7 Ra1+ 33. Kd2 Rd1+ 34. Kc3 Kc5 35. Rc7+ Kb6 36. Re7 Ka5 37. Rxe6 b4+ 0-1

[Event "Remote S7E Pioneer-59 email"]
[Site "Remote email"]
[Date "2013.11.28"]
[Round "?"]
[White "Biskopp, Wolf Ulrich"]
[Black "Ganz, Harry"]
[Result "1/2-1/2"]
[WhiteElo "2532"]
[BlackElo "2275"]
[PlyCount "97"]
[EventDate "2013.??.??"]
[EventType "tourn (corr)"]
[EventRounds "6"]
[EventCountry "GER"]
[SourceTitle "Corr 2015"]
[Source "ChessBase"]
[SourceDate "2015.07.17"]
[SourceVersion "1"]
[SourceVersionDate "2015.07.17"]
[SourceQuality "1"]

1. d4 Nf6 2. c4 e6 3. Bg5 Be7 4. Nc3 d5 5. Nf3 0-0 6. e3 h6 7. Bh4 Nbd7 8. Rc1 c6 9. Qc2 Ne4 10. Bxe7 Qxe7 11. Be2 Nxc3 12. Qxc3 dxc4 13. Qxc4 e5 14. 0-0 Re8 15. b4 e4 16. Nd2 a6 17. a3 Nf6 18. Qc5 Be6 19. h3 Qd8 20. Nc4 Nd5 21. Qd6 Re7 22. Qg3 Qc7 23. Qe5 Nf6 24. Qxc7 Rxc7 25. Nb6 Rd8 26. Rc5 Nd5 27. Na4 f5 28. Bc4 Kf7 29. Bxd5 Rxd5 30. Rfc1 Rxc5 31. Rxc5 Rd7 32. Nc3 Bd5 33. Ra5 Be6 34. a4 g6 35. h4 Re7 36. b5 Bc4 37. b6 Be6 38. Rc5 Bd7 39. Kf1 Kf6 40. a5 g5 41. hxg5+ hxg5 42. g4 fxg4 43. Kg2 Re8 44. Na4 Bf5 45. Kf1 Bc8 46. Kg1 Bf5 47. Kg2 Re7 48. Rc1 Re8 49. Nc5 1/2-1/2

[Event "Remote S7E Pioneer-59 email"]
[Site "Remote email"]
[Date "2013.11.28"]
[Round "?"]
[White "Ganz, Harry"]
[Black "Kahl, Karl Heinz"]
[Result "1/2-1/2"]
[WhiteElo "2000"]
[BlackElo "2129"]
[PlyCount "52"]
[EventDate "2013.??.??"]
[EventType "tourn (corr)"]
[EventRounds "6"]
[EventCountry "GER"]
[SourceTitle "Corr 2015"]
[Source "ChessBase"]
[SourceDate "2015.07.17"]
[SourceVersion "1"]
[SourceVersionDate "2015.07.17"]
[SourceQuality "1"]

1. e4 e6 2. c3 c5 3. d4 d5 4. Nd2 cxd4 5. cxd4 dxe4 6. Nxe4 Nf6 7. Nxf6+ Qxf6 8. Nf3 Bb4+ 9. Bd2 Bxd2+ 10. Qxd2 0-0 11. Bd3 Nc6 12. 0-0 Rd8 13. Rad1 a5 14. a3 Bd7 15. Be4 Rac8 16. Qe3 Ne7 17. Qb3 Bc6 18. Bxc6 bxc6 19. Rd2 Rd5 20. Qb7 h6 21. h3 Rcd8 22. Rc1 Nf5 23. Qxc6 Nxd4 24. Nxd4 Rxd4 25. Rxd4 Qxd4 26. Qc7 Qd2 1/2-1/2